Report on an awareness-building camp conducted in two colliery colonies of the Central Coalfields in Bhurkhunda area (district Hazaribagh), November 6-16, 1977 (Record no. 342144)

000 -LEADER
fixed length control field 00518cam a22001337a 4500
008 - FIXED-LENGTH DATA ELEMENTS--GENERAL INFORMATION
fixed length control field 180718b1977 xxu||||| |||| 00| 0 eng d
082 ## - DEWEY DECIMAL CLASSIFICATION NUMBER
Classification number Rx5413 B545
100 ## - MAIN ENTRY--PERSONAL NAME
Personal name Biswas, R. K.
245 ## - TITLE STATEMENT
Title Report on an awareness-building camp conducted in two colliery colonies of the Central Coalfields in Bhurkhunda area (district Hazaribagh), November 6-16, 1977
Statement of responsibility, etc. by R. K. Biswas
260 ## - PUBLICATION, DISTRIBUTION, ETC.
Place of publication, distribution, etc. Ranchi
Name of publisher, distributor, etc. Xavier Institute of Social Service
Date of publication, distribution, etc. 1977
300 ## - PHYSICAL DESCRIPTION
Extent xv,52p.
650 ## - SUBJECT ADDED ENTRY--TOPICAL TERM
Topical term or geographic name entry element (Written off)
650 ## - SUBJECT ADDED ENTRY--TOPICAL TERM
Topical term or geographic name entry element Labour - India - Bihar
Holdings
Withdrawn status Lost status Damaged status Not for loan Permanent Location Current Location Date acquired Full call number Barcode Date last seen Price effective from Koha item type
        Indian Institute of Public Administration Indian Institute of Public Administration 1993-09-21 Rx5413 B545 54288 2018-07-21 2018-07-21 Book

Powered by Koha